Rozpoznaj grę po recenzji Steam 4 - Statystyki

Ogólne statystyki
  • Ten quiz został rozwiązany 11 razy
  • Średni wynik to 7 z 20
Statystyki odpowiedzi
Recenzja Tytuł Gry % Poprawnych
"the title is misleading it only took me 9 minutes to die" 7 Days to Die
100%
"We did it guys !!! we did it! her boobs are not pointy" Tomb Raider
67%
"Bardzo fajne. Ludziki z masła delma budują zamki" Castle Story
56%
"Magnus Carlsen płakał kiedy grał." FPS Chess
56%
"Tried to befriend another creature by dancing, it laughed at me so i made it extinct 10/10" Spore
44%
"Swietna gra jednak kiedy próbuje sie zbudować dom to przychodzą ekolodzy i drą morde" The Forest
44%
"Uwielbiam patrzeć jak milicja pałuje lokatorów 10/10" Beholder
33%
" "It's like Hitman with Lucifer" - IGN" Lucius
33%
"You play as Weeaboo Geralt and travel to Japan to rescue your waifu. I'm not even joking. That's the plot. 10/10" Nioh
33%
"Masz z kim grać? Wyπerdol te ponad 50 złoty, czy ile tam masz. Pograj z przyjaciółmi w zoo poπerdalające po ruchomych ścianach, drutach kolczastych, czy nawet kurka wodna po samo otwierających się drzwiach. Gra sama w sobie jest spoko." Ultimate Chicken Horse
33%
"Poe to postać z którą się utożsamiam, ponieważ często bolą mnie plecy i również śmierdzę czosnkiem" Vampire Survivors
33%
"I'm not saying the game is P2W.but you can pretty much equip your wallet as main weapon." World of Tanks
33%
"Our PPSH's are here, now even Yuri can hit someone" Company of Heroes 2
22%
"Jeszcze tylko jeden loch..." Darkest Dungeon
22%
"Symulator Australii 2016" Don't Starve Together
22%
"His palms are sweaty, Luftwaffe weak, armour heavy, there’s Allies on the beaches already, Mussolini’s spaghetti..." Hearts of Iron IV
22%
"Best Skyrim mod ever" The Forgotten City
22%
"ride rat
life good
rat fight back
kill rat
rat gone
think about rat
regret"
Warhammer: Vermintide 2
22%
"Special shout out to Epic Games for beta testing!" Tiny Tina's Wonderlands
0%
"If there was a second world, id live on the one that never made this game" Two Worlds II
0%
Nie znaleziono quizów pasujących do podanych kryteriów
Rozkład punktacji
Procent ludzi z każdym wynikiem
Percentyl według liczby udzielonych odpowiedzi
Twoja historia wyników
Nie rozwiązałeś tego quizu